000 00370nam a2200121Ia 4500
008 220216s9999 xx 000 0 und d
100 _aGori U
245 0 _aRubber/filler batches in powder form - contribution to the simplified production of rubber compounds
260 _bKautschuk Gummi Kunststoffe
_c1998
300 _a250-258
700 _aNordsiek K H
942 _cJS
999 _c68166
_d68166